000 00494nam a2200169 i 4500
001 C2-0302156
003 PPAK
005 20180729000941.0
008 100111s2007 my |||| ||||| | eng d
040 _aPPAK
_beng
_cPPAK
_erda
245 0 0 _aExploring science year 6
_bdisc 7 : investigating technology
264 1 _aSelangor :
_bUnik Smart Educ-Tech Sdn. Bhd. ,
_c[2007]
336 _2rdacontent
_atext
337 _2rdamedia
_aunmediated
338 _2rdacarrier
_avolume
942 _2ddc
_cVCD
999 _c165902
_d165902